[Event "Transcontinental Printanier A"]
[Site "Montreal"]
[Date "2017.03.31"]
[Round "1"]
[White "Villeneuve, Robert"]
[Black "Zhong, Kevin"]
[Result "1/2-1/2"]
[WhiteElo "1920"]
[BlackElo "1904"]
[EventDate "2017.03.31"]

1.c4 e6 2.g3 d5 3.Nf3 c5 4.cxd5 exd5 5.d4 Nc6 6.Bg2 Nf6 7.O-O Be7 8.Nc3 
O-O 9.Bg5 c4 10.Ne5 Be6 11.Nxc6 bxc6 12.b3 Rc8 13.bxc4 dxc4 14.Qd2 Nd5 15.
Bxe7 Qxe7 16.Ne4 Bf5 17.Nc5 Bg6 18.e4 Nb6 19.Rfe1 Nd7 20.Bh3 Nxc5 21.Bxc8 
Nd3 22.Bh3 Nxe1 23.Rxe1 Rb8 24.d5 cxd5 25.exd5 Qd6 26.Qf4 Qxf4 27.gxf4 Bd3
28.d6 c3 29.d7 Kf8 30.Bf1 Bxf1 31.Kxf1 Rd8 32.Rc1 Rxd7 33.Rxc3 Ke7 34.Ke2 
Kf6 35.Rc5 Rb7 36.Ra5 Rd7 37.Ke3 1/2-1/2

[Event "Transcontinental Printanier A"]
[Site "Montreal"]
[Date "2017.03.31"]
[Round "1"]
[White "Guipi Bopala, Prince Eric"]
[Black "Barre, Michel"]
[Result "1/2-1/2"]
[WhiteElo "1814"]
[BlackElo "1939"]
[EventDate "2017.03.31"]

1.d4 Nf6 2.Bf4 d5 3.e3 c5 4.c3 Nc6 5.Nd2 Bf5 6.Ngf3 Qb6 7.Qb3 c4 8.Qxb6 
axb6 9.Be2 h6 10.h3 e6 11.O-O b5 12.a3 Be7 13.Ne5 O-O 14.Nxc6 bxc6 15.Nf3 
Nd7 16.Rfe1 Ra7 17.Rac1 f6 18.Bd1 g5 19.Bh2 Be4 20.Nd2 Bg6 21.e4 Kf7 22.
Bc2 Nb6 23.Re2 Re8 24.Rce1 dxe4 25.Bxe4 Bxe4 26.Nxe4 Rd7 27.f4 Nd5 28.fxg5
hxg5 29.Rf1 1/2-1/2

[Event "Transcontinental Printanier A"]
[Site "Montreal"]
[Date "2017.03.31"]
[Round "1"]
[White "Turcotte, Jonathan"]
[Black "Gauthier, Denis"]
[Result "1-0"]
[WhiteElo "2082"]
[BlackElo "2065"]
[EventDate "2017.03.31"]

1.d4 Nf6 2.c4 e6 3.Nf3 b6 4.g3 Ba6 5.b3 d5 6.Bg2 c5 7.O-O Nc6 8.cxd5 exd5 
9.Nc3 Rc8 10.Bb2 Be7 11.dxc5 d4 12.Nb1 bxc5 13.Nbd2 O-O 14.Rc1 Re8 15.Nc4 
Nd5 16.Qc2 Bf8 17.a3 Nb6 18.Rfe1 Nxc4 19.bxc4 Qc7 20.Ng5 g6 21.Ne4 Qe7 22.
e3 f5 23.Nd2 Bg7 24.Bd5+ Kh8 25.Nf3 dxe3 26.Rxe3 Qd6 27.Ng5 Rf8 28.Ne6 Nd4
29.Qd3 Nxe6 30.Rxe6 1-0

[Event "Transcontinental Printanier A"]
[Site "Montreal"]
[Date "2017.04.01"]
[Round "2"]
[White "Gauthier, Denis"]
[Black "Barre, Michel"]
[Result "1/2-1/2"]
[WhiteElo "2065"]
[BlackElo "1939"]
[EventDate "2017.03.31"]

1.d4 Nf6 2.c4 e6 3.Nf3 d5 4.Nc3 c6 5.Bg5 h6 6.Bh4 Nbd7 7.e3 Qa5 8.Bd3 Bb4 
9.Qc2 O-O 10.O-O Re8 11.a3 dxc4 12.Bxc4 Bd6 13.e4 e5 14.d5 cxd5 15.Nxd5 
Nxd5 16.Bxd5 Nb6 17.b4 Qb5 18.Rfd1 Nxd5 19.Rxd5 Qb6 20.Rad1 Qc7 21.Qd2 Bf8
22.Bd8 Qc4 23.Nxe5 Qxe4 24.Re1 Qf5 25.g4 Qe6 26.h3 f6 27.Nf3 Qf7 28.Rxe8 
Qxe8 29.Bc7 Be6 30.Rd3 Rc8 31.Bf4 Qa4 32.Nd4 Bc4 33.Rc3 b5 34.Nf5 Qa6 35.
Re3 Qc6 36.Ne7+ Bxe7 37.Rxe7 Bd5 38.Qe3 g5 39.Qxa7 Qc1+ 40.Bxc1 Rxc1+ 41.
Kh2 Rh1+ 1/2-1/2

[Event "Transcontinental Printanier A"]
[Site "Montreal"]
[Date "2017.04.01"]
[Round "2"]
[White "Zhong, Kevin"]
[Black "Guipi Bopala, Prince Eric"]
[Result "1-0"]
[WhiteElo "1904"]
[BlackElo "1814"]
[EventDate "2017.03.31"]

1.e4 d5 2.exd5 Qxd5 3.Nc3 Qa5 4.d4 Nf6 5.Bd2 c6 6.Bc4 Qb6 7.Nf3 Bg4 8.
Bxf7+ Kxf7 9.Ne5+ Ke8 10.Nxg4 Qxd4 11.Nxf6+ Qxf6 12.O-O Nd7 13.Re1 Rd8 14.
Ne4 Qg6 15.Ba5 Nb6 16.Qf3 Rd5 17.Bxb6 axb6 18.Qh3 Kd8 19.c4 Rd4 20.Rad1 
Qxe4 21.Qh5 g6 22.Rxe4 gxh5 23.Rexd4+ Kc7 24.Rd8 c5 25.R1d7+ Kc6 26.Rd5 
Bg7 27.Rxh8 Bxh8 28.b3 h4 29.Rh5 Bf6 30.Rxh7 b5 31.Kf1 bxc4 32.bxc4 b5 33.
cxb5+ Kxb5 34.Ke2 Kb4 35.Kd3 c4+ 36.Kc2 Ka3 37.Kb1 Kb4 38.Rh5 Kc3 39.f3 
Kd3 40.Rc5 c3 41.a4 Bd4 42.Rc8 Ke2 43.Kc2 Kf2 44.Rg8 Be5 45.a5 Kg1 46.a6 
Bd4 47.h3 Kf2 48.Rg4 Bb6 49.Kxc3 e5 50.Kc4 Ba7 51.Kb5 Be3 52.Kc6 Bf4 53.a7
Bg3 54.a8=Q Kxg2 55.Qa1 Kxf3 56.Qh1+ Kf2 57.Re4 Bf4 58.Qe1+ Kf3 59.Qe2+ 
Kg3 60.Qg4+ Kf2 61.Re2+ Kf1 62.Qg2# 1-0

[Event "Transcontinental Printanier A"]
[Site "Montreal"]
[Date "2017.04.01"]
[Round "2"]
[White "Turcotte, Jonathan"]
[Black "Villeneuve, Robert"]
[Result "1-0"]
[WhiteElo "2082"]
[BlackElo "1920"]
[EventDate "2017.03.31"]

1.d4 d5 2.c4 c6 3.Nf3 Nf6 4.Nc3 e6 5.Bg5 dxc4 6.e4 b5 7.e5 h6 8.Bh4 g5 9.
Nxg5 hxg5 10.Bxg5 Nbd7 11.exf6 Bb7 12.g3 c5 13.d5 Qb6 14.Bg2 O-O-O 15.O-O 
b4 16.Na4 Qb5 17.a3 Nb8 18.axb4 cxb4 19.Qg4 Bxd5 20.Rfc1 Nd7 21.b3 c3 22.
Nxc3 bxc3 23.Rxc3+ Kb8 24.Bf4+ e5 25.Be3 Bxg2 26.Bxa7+ Kb7 27.Kxg2 Nxf6 
28.Qf5 Be7 29.Be3 Nd5 30.Qxe5 Bd6 31.Qe4 Rhe8 32.Qf3 Be5 33.Rc5 Bxa1 34.
Rxb5+ 1-0

[Event "Transcontinental Printanier A"]
[Site "Montreal"]
[Date "2017.04.01"]
[Round "3"]
[White "Villeneuve, Robert"]
[Black "Gauthier, Denis"]
[Result "0-1"]
[WhiteElo "1920"]
[BlackElo "2065"]
[EventDate "2017.03.31"]

1.e4 d6 2.d4 Nf6 3.Nc3 g6 4.g3 Bg7 5.Bg2 c6 6.a4 Nbd7 7.Nge2 e5 8.O-O O-O 
9.h3 Qc7 10.Be3 Re8 11.g4 Nf8 12.Ng3 Ne6 13.Nce2 b6 14.f4 Ba6 15.Re1 exf4 
16.Nxf4 Rad8 17.Qd2 c5 18.Nxe6 Rxe6 19.a5 Bb7 20.d5 Ree8 21.axb6 axb6 22.
Bg5 Ra8 23.Rf1 Nd7 24.c3 Ne5 25.Rxa8 Rxa8 26.Bf6 Bxf6 27.Rxf6 Qe7 28.Rf2 
Ra2 29.Qc1 Qh4 30.Qf4 Qe7 31.Qc1 Ba6 32.Bf1 Bxf1 33.Qxf1 c4 34.Qg2 Qg5 35.
Nf1 Nd3 36.Rc2 Qf4 37.Rd2 Ra1 0-1

[Event "Transcontinental Printanier A"]
[Site "Montreal"]
[Date "2017.04.01"]
[Round "3"]
[White "Guipi Bopala, Prince Eric"]
[Black "Turcotte, Jonathan"]
[Result "1/2-1/2"]
[WhiteElo "1814"]
[BlackElo "2082"]
[EventDate "2017.03.31"]

1.d4 d5 2.Bf4 c5 3.e3 Nc6 4.c3 Nf6 5.Nd2 Bf5 6.Qb3 Qc8 7.Ngf3 e6 8.h3 h6 
9.Be2 c4 10.Qa4 a6 11.a3 b5 12.Qd1 Be7 13.O-O O-O 14.Ne5 Nxe5 15.Bxe5 Nd7 
16.Bh2 Nb6 17.Bf3 Na4 18.Qc1 Bd3 19.Re1 f5 20.Bd1 a5 21.Nf3 Bf6 22.Be2 
Bxe2 23.Rxe2 Rf7 24.Ne5 Rb7 25.Qc2 Qe8 26.Qd2 b4 27.axb4 axb4 28.cxb4 Qb5 
29.Ra2 Ra6 30.Re1 Be7 31.Rea1 Rba7 32.Qe2 Qe8 33.Qd2 Kh7 34.Bg3 g6 35.f3 
Qb5 36.Be1 Nc5 37.Rxa6 Rxa6 38.Ra5 Rxa5 39.bxa5 Nb3 40.Qc3 Bd8 41.Qb4 Qxb4
42.Bxb4 Nxa5 43.Kf2 Nb3 44.Ke2 Bc7 45.Nc6 Nc1+ 46.Kd2 Nd3 47.Ba3 Kg7 48.b3
Kf7 49.bxc4 dxc4 50.Kc3 Ne1 51.Kxc4 Nxg2 52.e4 Nh4 53.d5 exd5+ 54.exd5 Bf4
1/2-1/2

[Event "Transcontinental Printanier A"]
[Site "Montreal"]
[Date "2017.04.01"]
[Round "3"]
[White "Barre, Michel"]
[Black "Zhong, Kevin"]
[Result "1-0"]
[WhiteElo "1939"]
[BlackElo "1904"]
[EventDate "2017.03.31"]

1.d4 d5 2.Bf4 c5 3.e3 cxd4 4.exd4 Nc6 5.Nf3 Bg4 6.c3 e6 7.Nbd2 Bd6 8.Bg3 
Nf6 9.Qb3 Qc7 10.Bd3 O-O 11.O-O Bxg3 12.hxg3 e5 13.dxe5 Nxe5 14.Nxe5 Qxe5 
15.Rfe1 Qh5 16.Qb4 Rfe8 17.f3 Qg5 18.Qf4 Qxf4 19.gxf4 Bd7 20.Kf2 Kf8 21.
Nb3 Rxe1 22.Rxe1 Re8 23.Rd1 g6 24.Nd4 a6 25.Bc2 Kg7 26.Bb3 h5 27.Nc2 Bb5 
28.Ne3 Bc6 29.Nxd5 Nxd5 30.Bxd5 Rd8 31.Bb3 Rxd1 32.Bxd1 Kf6 33.Ke3 b5 34.
g3 Bd5 35.b3 a5 36.Be2 Bc6 37.Kd4 g5 38.fxg5+ Kxg5 39.Kc5 Bd7 40.Bxb5 Bxb5
41.Kxb5 f5 42.c4 f4 43.gxf4+ Kxf4 44.c5 h4 45.c6 h3 46.c7 h2 47.c8=Q h1=Q 
48.Qg4+ Ke3 49.Qe4+ Kf2 50.Kxa5 Qh5+ 51.Ka4 Kg3 52.Qg4+ 1-0

[Event "Transcontinental Printanier A"]
[Site "Montreal"]
[Date "2017.04.02"]
[Round "4"]
[White "Turcotte, Jonathan"]
[Black "Barre, Michel"]
[Result "1/2-1/2"]
[WhiteElo "2082"]
[BlackElo "1939"]
[EventDate "2017.03.31"]

1.d4 Nf6 2.c4 e6 3.Nf3 d5 4.Nc3 c6 5.Bg5 Nbd7 6.cxd5 exd5 7.e3 Be7 8.Qc2 
O-O 9.Bd3 Re8 10.O-O g6 11.h3 Ne4 12.Bf4 Nxc3 13.bxc3 Nb6 14.Ne5 Bf6 15.a4
Nd7 16.Nf3 Qa5 17.Nd2 Qd8 18.Rfe1 c5 19.a5 Bg5 20.Bh2 c4 21.Bf1 f5 22.Be2 
Nf6 23.Nf3 Bh6 24.Ne5 Bf8 25.Bf3 Bd6 26.a6 Qc7 27.Reb1 b6 28.Be2 Bd7 29.f4
Rab8 30.Bg3 Ne4 31.Be1 b5 32.Qa2 Rb6 33.Nxd7 Qxd7 34.Qa5 Reb8 1/2-1/2

[Event "Transcontinental Printanier A"]
[Site "Montreal"]
[Date "2017.04.02"]
[Round "4"]
[White "Gauthier, Denis"]
[Black "Zhong, Kevin"]
[Result "1-0"]
[WhiteElo "2065"]
[BlackElo "1904"]
[EventDate "2017.03.31"]

1.d4 d5 2.c4 e6 3.Nc3 c5 4.cxd5 exd5 5.Nf3 Nc6 6.g3 Nf6 7.Bg2 Be7 8.O-O 
O-O 9.b3 b6 10.Bb2 Ba6 11.Re1 Rc8 12.Rc1 Re8 13.e3 Nb4 14.Ne5 cxd4 15.exd4
Bd6 16.a3 Bxe5 17.axb4 Bd6 18.b5 Bb7 19.Qd3 Qd7 20.Ra1 Rxe1+ 21.Rxe1 Re8 
22.Ra1 Ba8 23.Bf3 Re7 24.Kg2 Qe8 25.Qf5 h6 26.h3 Qd7 27.Qd3 Qe8 28.h4 g6 
29.Ba3 Bxa3 30.Rxa3 Kg7 31.Ra1 Rc7 32.g4 Qc8 33.g5 Rxc3 34.gxf6+ Kxf6 35.
Qe2 Qc7 36.Rxa7 Qf4 37.Rxa8 Qxd4 38.Ra7 Kg7 39.Rd7 Rc5 40.b4 Rc1 41.Rxd5 
Qf6 42.Qe5 Rc4 43.Qxf6+ Kxf6 44.Rd6+ Ke5 45.Rxb6 Rxh4 46.Rc6 Rxb4 47.b6 g5
48.Rxh6 g4 49.Ba8 f6 50.b7 Kd6 51.Rxf6+ Kc7 52.Rf8 1-0

[Event "Transcontinental Printanier A"]
[Site "Montreal"]
[Date "2017.04.02"]
[Round "5"]
[White "Guipi Bopala, Prince Eric"]
[Black "Gauthier, Denis"]
[Result "1/2-1/2"]
[WhiteElo "1814"]
[BlackElo "2065"]
[EventDate "2017.03.31"]

1.d4 Nf6 2.Bf4 e6 3.e3 b6 4.Nd2 Bb7 5.Ngf3 Be7 6.Bd3 d5 7.h3 Nbd7 8.Ne5 
Nxe5 9.Bxe5 Bd6 10.Nf3 Qe7 11.Qe2 a5 12.Bb5+ c6 13.Bd3 h6 14.Bxd6 Qxd6 15.
Ne5 O-O 16.g4 Ne4 17.h4 g6 18.Rh3 Qb4+ 19.c3 Nxc3 20.a3 Qb3 21.Qc2 Qxc2 
22.Bxc2 Ne4 23.Nd7 Rfd8 24.Nxb6 Rab8 25.Na4 Ba6 26.f3 Nd6 27.O-O-O Nc4 28.
Re1 Bb5 29.Rh2 Bxa4 30.Bxa4 Rdc8 31.Rc2 Kf8 32.e4 Ke7 33.e5 Rb6 34.f4 Rcb8
35.Ree2 R8b7 36.h5 Rb8 37.hxg6 fxg6 38.Rh2 Ne3 39.Rc3 Nxg4 40.Rg2 h5 41.
Rxc6 Rxc6+ 42.Bxc6 Rc8 43.Rc2 h4 44.Bb5 Rxc2+ 45.Kxc2 h3 46.Be2 h2 47.Bf3 
Nf2 48.Kb3 h1=Q 49.Bxh1 Nxh1 50.Ka4 Nf2 51.Kxa5 Nd3 52.b4 Kd7 53.Kb6 Nb2 
54.Ka6 Kc7 55.Ka7 Na4 56.b5 Nb6 57.Ka6 Nd7 58.Ka7 Nb6 59.Ka6 Na4 60.Ka7 
Nb6 61.Ka6 Na4 62.Ka7 Nb6 1/2-1/2

[Event "Transcontinental Printanier A"]
[Site "Montreal"]
[Date "2017.04.02"]
[Round "5"]
[White "Zhong, Kevin"]
[Black "Turcotte, Jonathan"]
[Result "1/2-1/2"]
[WhiteElo "1904"]
[BlackElo "2082"]
[EventDate "2017.03.31"]

1.e4 c6 2.d4 d5 3.exd5 cxd5 4.c4 Nf6 5.Nc3 g6 6.Qb3 Bg7 7.cxd5 O-O 8.Be2 
Nbd7 9.Bf3 Nb6 10.Nge2 Qd7 11.Bg5 Rd8 12.Bxf6 Bxf6 13.O-O Qd6 14.Nb5 Qd7 
15.a4 e6 16.Nf4 Nxd5 17.Nxd5 exd5 18.Bxd5 a6 19.Nc3 Rb8 20.Qb6 Kg7 21.Rac1
Qd6 22.Qxd6 Rxd6 23.Rfd1 b5 24.axb5 axb5 25.b4 Bf5 26.h3 h5 27.Be4 Rxd4 
28.Rxd4 Bxd4 29.Bxf5 gxf5 30.Ne2 Be5 31.Ng3 Kg6 32.Rc5 Bd6 33.Rc6 Rd8 34.
Rb6 f6 35.Rxb5 Be5 36.Rb7 Rd1+ 37.Nf1 Bd4 38.g3 Rb1 39.b5 f4 40.gxf4 Kf5 
41.Kg2 Rb2 42.Ng3+ Kxf4 43.Nh1 Ke4 1/2-1/2

[Event "Transcontinental Printanier B"]
[Site "Montreal"]
[Date "2017.03.31"]
[Round "1"]
[White "Baran, Marius"]
[Black "Richard, Leo"]
[Result "1/2-1/2"]
[WhiteElo "1776"]
[BlackElo "1648"]
[EventDate "2017.03.31"]

1.e4 e6 2.d4 d5 3.Nd2 Nf6 4.e5 Nfd7 5.Bd3 c5 6.c3 Nc6 7.Ne2 Qb6 8.Nf3 cxd4
9.cxd4 Bb4+ 10.Bd2 O-O 11.O-O f6 12.exf6 Nxf6 13.a3 Bxd2 14.Qxd2 Bd7 15.
Nc3 a6 16.Na4 Qc7 17.Nc5 Ng4 18.h3 Rxf3 19.hxg4 Nxd4 20.Nxd7 Rh3 21.f4 Nb3
22.Qd1 Rxd3 23.Qxd3 Nxa1 24.Ne5 Qb6+ 25.Kh1 Nb3 26.f5 Nc5 27.Qd4 Qd6 28.
Re1 Rf8 29.b4 Na4 30.fxe6 Qxe6 31.Nf3 Qd6 32.Re5 Nb6 33.g5 h6 34.Kg1 hxg5 
35.Rxg5 Qf6 36.Qg4 Nc4 37.Qg3 d4 38.Rg6 Qe7 39.Nxd4 Nxa3 40.Ne6 Rf7 41.
Qxa3 Qh4 42.Qc3 Qf2+ 43.Kh2 Qh4+ 44.Qh3 Qxb4 45.Ng5 Qf4+ 46.Qg3 Qxg3+ 47.
Kxg3 Rf6 48.Rxf6 gxf6 49.Ne4 Kg7 50.Nc5 a5 51.Nxb7 a4 52.Na5 a3 53.Kf4 Kg6
54.Nb3 f5 55.Nc1 Kf6 56.Na2 Kg6 57.Nc3 Kf6 58.Na2 Kg6 59.Nb4 Kf6 60.Nd5+ 
Ke6 61.Nc3 Kf6 62.g3 Kg6 63.Ke3 Kg5 64.Kf3 Kh5 65.Kf4 Kg6 1/2-1/2

[Event "Transcontinental Printanier B"]
[Site "Montreal"]
[Date "2017.03.31"]
[Round "1"]
[White "Kozlov, Guennadi"]
[Black "Gauthier, Luc"]
[Result "1/2-1/2"]
[WhiteElo "1730"]
[BlackElo "1702"]
[EventDate "2017.03.31"]

1.e4 Nf6 2.e5 Nd5 3.Nc3 Nb6 4.d4 d6 5.f4 dxe5 6.fxe5 Nc6 7.Be3 Bf5 8.Nf3 
e6 9.a3 Bg4 10.Be2 Be7 11.O-O O-O 12.h3 Bh5 13.g4 Bg6 14.Bd3 Nd5 15.Nxd5 
Qxd5 16.c4 Qd7 17.h4 Bxd3 18.Qxd3 Rfd8 19.Rad1 Nxd4 20.Qe4 Nxf3+ 21.Qxf3 
Qe8 22.Qxb7 Rxd1 23.Rxd1 Rd8 24.Qf3 Rxd1+ 25.Qxd1 Qc6 26.Bxa7 Qxc4 27.Bf2 
g6 28.Qd4 Qc1+ 29.Kg2 Qc6+ 30.Kh2 Qc2 31.Kg2 Bxh4 32.Kf3 Qc6+ 33.Ke2 Qc2+ 
34.Kf3 Qc6+ 35.Ke2 Qc2+ 1/2-1/2

[Event "Transcontinental Printanier B"]
[Site "Montreal"]
[Date "2017.04.01"]
[Round "2"]
[White "Richard, Leo"]
[Black "Joanis, Marc-Andre"]
[Result "1/2-1/2"]
[WhiteElo "1648"]
[BlackElo "1755"]
[EventDate "2017.03.31"]

1.c4 e5 2.Nc3 Bb4 3.Nf3 Bxc3 4.bxc3 d6 5.g3 Nf6 6.Bg2 O-O 7.O-O Qe7 8.d3 
Na6 9.Ba3 Re8 10.Rb1 Nc5 11.Nd2 c6 12.Bxc5 dxc5 13.Qb3 Qc7 14.a4 Rb8 15.
Qa3 b6 16.a5 Bf5 17.Qa4 e4 18.e3 exd3 19.Bxc6 Bd7 20.Bxd7 Nxd7 21.axb6 
axb6 22.Qd1 Ne5 23.f4 Nc6 24.e4 Na5 25.Rf3 b5 26.Rxd3 bxc4 27.Re3 h6 28.
Rxb8 Rxb8 29.e5 Rd8 30.Qe2 Rb8 31.Nxc4 Rb1+ 32.Kg2 Qc6+ 33.Re4 Qb5 34.Na3 
Qxe2+ 35.Rxe2 Rb3 36.Ra2 g5 37.fxg5 hxg5 38.Kh3 Kg7 39.Kg4 Kg6 40.Nb1 Nc4 
41.Nd2 Nxe5+ 42.Kh3 Rxc3 43.Ne4 g4+ 44.Kg2 Rc1 45.Ra6+ Kg7 46.Ra2 Nf3 47.
h3 Rg1+ 48.Kf2 Rh1 49.hxg4 Rh2+ 50.Kxf3 Rxa2 51.Nxc5 Kf6 52.Kf4 Ra3 53.g5+
Kg6 54.Ne4 Ra4 55.g4 Ra1 56.Kf3 Rf1+ 57.Ke3 1/2-1/2

[Event "Transcontinental Printanier B"]
[Site "Montreal"]
[Date "2017.04.01"]
[Round "2"]
[White "Gauthier, Luc"]
[Black "Nica, Ion"]
[Result "1/2-1/2"]
[WhiteElo "1702"]
[BlackElo "1633"]
[EventDate "2017.03.31"]

1.e4 d5 2.exd5 Nf6 3.Nf3 Bg4 4.Be2 Nxd5 5.d4 e6 6.c4 Bb4+ 7.Bd2 Bxd2+ 8.
Nbxd2 Nf4 9.g3 Nxe2 10.Qxe2 Nc6 11.O-O-O Nxd4 12.Qe4 f5 13.Qxd4 Qxd4 14.
Nxd4 Bxd1 15.Rxd1 Kf7 16.N2f3 Kf6 17.Re1 Rhe8 18.Ne5 Rad8 19.Nb5 c6 20.Nc3
Rd4 21.f4 Red8 22.Rd1 Rxd1+ 23.Nxd1 g5 24.Nc3 h5 25.h4 gxh4 26.gxh4 Rg8 
27.Ne2 Rg2 28.Nd4 Rf2 29.Ndf3 Rf1+ 30.Kc2 Rf2+ 31.Kc1 Rf1+ 32.Kc2 Rf2+ 
1/2-1/2

[Event "Transcontinental Printanier B"]
[Site "Montreal"]
[Date "2017.04.01"]
[Round "2"]
[White "Kozlov, Guennadi"]
[Black "Baran, Marius"]
[Result "0-1"]
[WhiteElo "1730"]
[BlackElo "1776"]
[EventDate "2017.03.31"]

1.e4 c5 2.Nf3 d6 3.d4 cxd4 4.c3 Nf6 5.cxd4 Nxe4 6.d5 Qa5+ 7.Nc3 Nxc3 8.Qd2
Qxd5 9.Qxc3 Qc5 10.Qb3 Nc6 11.Be3 Qb4+ 12.Qxb4 Nxb4 13.Kd2 Bd7 14.a3 Nc6 
15.Bc4 e6 16.h4 Be7 17.g4 Na5 18.Ba2 Bc6 19.Ke2 Bb5+ 20.Kd1 Rc8 21.Nd4 Bd7
22.g5 Nc4 23.Bxc4 Rxc4 24.Rc1 Rxc1+ 25.Kxc1 e5 26.Ne2 Bc6 27.Rg1 b6 28.Ng3
g6 29.Kb1 Bf3 30.Rc1 Kd7 31.Nf1 Be4+ 32.Ka2 Rc8 33.Rxc8 Kxc8 34.Nd2 Bd5+ 
35.b3 f5 36.gxf6 Bxf6 37.Bg5 Bxg5 38.hxg5 Kd7 39.f3 Ke6 40.Ne4 Bxe4 41.
fxe4 d5 0-1

[Event "Transcontinental Printanier B"]
[Site "Montreal"]
[Date "2017.04.01"]
[Round "3"]
[White "Baran, Marius"]
[Black "Gauthier, Luc"]
[Result "0-1"]
[WhiteElo "1776"]
[BlackElo "1702"]
[EventDate "2017.03.31"]

1.e4 Nf6 2.e5 Nd5 3.d4 d6 4.Nf3 dxe5 5.Nxe5 c6 6.Bc4 Nd7 7.O-O Nxe5 8.dxe5
Be6 9.Bb3 g6 10.Qe2 Qb6 11.c4 Nc7 12.Be3 c5 13.Rd1 Bd7 14.Rxd7 Kxd7 15.
Ba4+ Kc8 16.Qd2 Bg7 17.Qd7+ Kb8 18.Nc3 Qe6 19.Qd3 Qxe5 20.Rd1 Ne6 21.Nd5 
Qd6 22.a3 Nd4 23.b4 e5 24.bxc5 Qxc5 25.Rb1 b6 26.Nb4 a5 27.Nd5 Ra6 28.Rb5 
Qd6 29.c5 Qxd5 30.cxb6 Qb7 31.Bxd4 exd4 32.Qg3+ Ka8 33.Qd6 Rc8 34.Rb1 Rxb6
0-1

[Event "Transcontinental Printanier B"]
[Site "Montreal"]
[Date "2017.04.01"]
[Round "3"]
[White "Nica, Ion"]
[Black "Richard, Leo"]
[Result "0-1"]
[WhiteElo "1633"]
[BlackElo "1648"]
[EventDate "2017.03.31"]

1.d4 Nf6 2.Nf3 e6 3.Bf4 d5 4.e3 c5 5.c3 Nc6 6.Bd3 Bd6 7.Bg3 O-O 8.Nbd2 h6 
9.Ne5 Bxe5 10.dxe5 Nd7 11.f4 c4 12.Bb1 Qb6 13.Bf2 Qxb2 14.Qc2 Qxc2 15.Bxc2
f5 16.h3 b5 17.Rb1 Rb8 18.g4 b4 19.Ke2 bxc3 20.Rxb8 Ndxb8 21.Nf3 Nb4 22.
Nd4 N8c6 23.Nxc6 Nxc6 24.Rb1 fxg4 25.hxg4 Ba6 26.Ba4 Ne7 27.Bd7 c2 28.
Bxe6+ Kh8 29.Rc1 c3+ 30.Kf3 Bd3 31.Be1 Rb8 32.Bxc3 Rb1 33.Bd2 Be4+ 34.Kg3 
Nc6 35.Bf5 Bxf5 36.gxf5 Rxc1 37.Bxc1 Nb4 38.e6 Kg8 39.Kg4 Nxa2 40.Ba3 c1=Q
41.Bxc1 Nxc1 42.Kh5 Kf8 43.f6 gxf6 44.Kxh6 Ke7 45.f5 a5 0-1

[Event "Transcontinental Printanier B"]
[Site "Montreal"]
[Date "2017.04.01"]
[Round "3"]
[White "Joanis, Marc-Andre"]
[Black "Kozlov, Guennadi"]
[Result "0-1"]
[WhiteElo "1755"]
[BlackElo "1730"]
[EventDate "2017.03.31"]

1.Nf3 Nf6 2.c4 g6 3.g3 b6 4.Bg2 Bb7 5.O-O Bg7 6.Nc3 O-O 7.d4 e6 8.b3 d6 9.
Bb2 Nbd7 10.Rc1 Rb8 11.Qc2 c5 12.Rfd1 Qe7 13.e3 cxd4 14.Nxd4 Bxg2 15.Kxg2 
Nc5 16.Kg1 Qb7 17.Ba3 Rfd8 18.Ndb5 d5 19.cxd5 exd5 20.Nd4 Rbc8 21.Qe2 a6 
22.b4 Ne6 23.b5 Nxd4 24.exd4 a5 25.Qf3 Ne4 26.Ne2 Qd7 27.Rxc8 Rxc8 28.Qb3 
Qf5 29.f3 Ng5 30.Nf4 Rc4 31.Qe3 Ne6 32.Nxe6 Qxe6 33.Qxe6 fxe6 34.Bb2 Rb4 
0-1

[Event "Transcontinental Printanier B"]
[Site "Montreal"]
[Date "2017.04.02"]
[Round "4"]
[White "Gauthier, Luc"]
[Black "Richard, Leo"]
[Result "1-0"]
[WhiteElo "1702"]
[BlackElo "1648"]
[EventDate "2017.03.31"]

1.e4 e6 2.d4 d5 3.e5 c5 4.c3 Nc6 5.Nf3 Qb6 6.Be2 cxd4 7.cxd4 Bb4+ 8.Nc3 
Nge7 9.O-O Nf5 10.Na4 Qc7 11.g4 Nfe7 12.a3 Ba5 13.Be3 O-O 14.Rc1 a6 15.Bd3
Bd7 16.h4 g6 17.Bh6 Rfe8 18.Ng5 Qb8 19.Qf3 Nd8 1-0

[Event "Transcontinental Printanier B"]
[Site "Montreal"]
[Date "2017.04.02"]
[Round "4"]
[White "Kozlov, Guennadi"]
[Black "Nica, Ion"]
[Result "1-0"]
[WhiteElo "1730"]
[BlackElo "1633"]
[EventDate "2017.03.31"]

1.e4 b6 2.d4 e6 3.Bd3 Bb7 4.Be3 c5 5.c3 cxd4 6.cxd4 Bb4+ 7.Nc3 Nf6 8.f3 
O-O 9.a3 Be7 10.Nh3 Nc6 11.O-O Rc8 12.f4 h5 13.Nf2 g6 14.e5 Nh7 15.g4 h4 
16.g5 Nxg5 17.fxg5 Bxg5 18.Qd2 Nxd4 19.Nfe4 Bxe3+ 20.Qxe3 Nf5 21.Qf4 b5 
22.Nf6+ Kg7 23.Bxf5 Qb6+ 24.Rf2 exf5 25.Ncd5 Bxd5 26.Nxd5 Qd8 27.Rg2 Rc5 
28.Nf6 Qb6 29.Kh1 h3 30.Rg3 Rh8 31.Qxf5 Qc6+ 32.Kg1 Rc1+ 33.Rxc1 Qxc1+ 34.
Qf1 Qc5+ 35.Kh1 Qc6+ 36.Rf3 Rh4 37.Kg1 Rc4 38.Qxh3 Rc1+ 39.Kg2 Rc2+ 40.Kg3
Qc8 41.Qh7+ Kf8 42.Nd5 Rg2+ 43.Kxg2 Qc2+ 44.Kg3 1-0

[Event "Transcontinental Printanier B"]
[Site "Montreal"]
[Date "2017.04.02"]
[Round "4"]
[White "Baran, Marius"]
[Black "Joanis, Marc-Andre"]
[Result "1/2-1/2"]
[WhiteElo "1776"]
[BlackElo "1775"]
[EventDate "2017.03.31"]

1.e4 e6 2.d4 d5 3.Nd2 Be7 4.c3 c5 5.Qg4 Kf8 6.Qf3 cxd4 7.exd5 dxc3 8.Qxc3 
exd5 9.Ngf3 Nc6 10.a3 Nf6 11.Bd3 Bg4 12.O-O Rc8 13.Qb3 Qd7 14.Qa2 Bh5 15.
Qb1 Bg6 16.b4 b5 17.Bb2 Bd6 18.h3 a5 19.bxa5 Nxa5 20.Bxf6 Bxd3 21.Bxg7+ 
Kxg7 22.Qxd3 Nc6 23.Kh1 Bb8 24.Nd4 Qc7 25.Nf5+ Kf8 26.Nf3 Ne5 27.Qd4 Rg8 
28.Qxe5 Qxe5 29.Nxe5 Bxe5 30.Rab1 Rb8 31.Rfd1 d4 32.g4 Rg6 33.f4 Bxf4 34.
Rxd4 Bc7 35.Rc1 Ba5 36.Rd7 h5 37.Ra7 Bb6 38.Rd7 hxg4 39.hxg4 Rxg4 40.Rxf7+
Kxf7 41.Nh6+ Kf6 1/2-1/2

[Event "Transcontinental Printanier B"]
[Site "Montreal"]
[Date "2017.04.02"]
[Round "5"]
[White "Richard, Leo"]
[Black "Kozlov, Guennadi"]
[Result "1/2-1/2"]
[WhiteElo "1648"]
[BlackElo "1730"]
[EventDate "2017.03.31"]

1.c4 g6 2.Nc3 Bg7 3.d4 e6 4.e4 b6 5.Nf3 Bb7 6.Be2 Ne7 7.O-O O-O 8.Bg5 d6 
9.d5 Qd7 10.Qd2 exd5 11.exd5 Nf5 12.Bd3 f6 13.Bxf5 Qxf5 14.Be3 Re8 15.Nd4 
Qd7 16.Ne6 Bh8 17.Bd4 Qf7 18.Rfe1 Na6 19.Ne4 Bc8 20.Nf4 Bf5 21.Ng3 Bd7 22.
Qc3 Bg7 23.Ne4 Kh8 24.Bxf6 Nc5 25.Bxg7+ Qxg7 26.Qxg7+ Kxg7 27.Nxc5 bxc5 
28.f3 Kf6 29.Kf2 Re5 30.Nd3 Rxe1 31.Rxe1 Re8 32.Rxe8 Bxe8 33.Ke3 Bd7 34.b4
cxb4 35.Nxb4 a5 36.Nd3 c6 37.Nf2 cxd5 38.cxd5 Ke5 39.Ne4 Bc8 40.Nc3 g5 41.
g3 1/2-1/2

[Event "Transcontinental Printanier B"]
[Site "Montreal"]
[Date "2017.04.02"]
[Round "5"]
[White "Nica, Ion"]
[Black "Baran, Marius"]
[Result "1/2-1/2"]
[WhiteElo "1633"]
[BlackElo "1776"]
[EventDate "2017.03.31"]

1.d4 d5 2.c4 e6 3.Nc3 Nf6 4.Bg5 Nbd7 5.e3 c6 6.Nf3 Qa5 7.Nd2 Bb4 8.Qc2 O-O
9.Be2 dxc4 10.Bxf6 Nxf6 11.Nxc4 Qg5 12.Bf3 Rb8 13.h4 Qg6 14.Qxg6 hxg6 15.
a3 Be7 16.Ne5 Bd6 17.Nc4 Bc7 18.b4 Bd7 19.Rd1 Nd5 20.Ne4 f6 21.Nc5 Bc8 22.
Rc1 b6 23.Nd3 Bb7 24.Nd2 Rfe8 25.b5 1/2-1/2

[Event "Transcontinental Printanier B"]
[Site "Montreal"]
[Date "2017.04.02"]
[Round "5"]
[White "Joanis, Marc-Andre"]
[Black "Gauthier, Luc"]
[Result "1-0"]
[WhiteElo "1755"]
[BlackElo "1702"]
[EventDate "2017.03.31"]

1.Nf3 f5 2.g3 Nf6 3.Bg2 e6 4.O-O Be7 5.c4 d6 6.d4 O-O 7.Nc3 Qe8 8.Re1 Qg6 
9.e4 fxe4 10.Nxe4 Nxe4 11.Rxe4 Nc6 12.Nh4 Bxh4 13.Rxh4 Qf6 14.Rf4 Qe7 15.
Rxf8+ Qxf8 16.Be3 Bd7 17.Bh3 Qe7 18.Qh5 Qf7 19.Qxf7+ Kxf7 20.b3 Rf8 21.Re1
b6 22.f4 Bc8 23.Bf2 d5 24.Bg2 Nb4 25.a3 Nd3 26.Re3 Nxf2 27.Kxf2 Bb7 28.b4 
Rd8 29.c5 Bc6 30.cxb6 cxb6 31.Rc3 Rc8 32.f5 Bd7 33.fxe6+ Bxe6 34.Rxc8 Bxc8
35.Bxd5+ Kf6 36.Ke3 g5 37.Kd3 b5 38.Bc6 a6 39.Ke4 Ke6 40.d5+ Kd6 41.Kd4 h6
42.Ke4 h5 43.h4 gxh4 44.gxh4 Bh3 45.Kf4 Bg4 46.Kg5 Bf3 47.Bb7 Be2 48.Kf4 
Bf1 49.Ke4 Bg2+ 50.Kd4 Bf1 51.Bxa6 Bg2 52.Bxb5 Bxd5 53.Be2 Bf7 54.Ke4 Kc6 
55.Kf5 1-0

[Event "Transcontinental Printanier C"]
[Site "Montreal"]
[Date "2017.03.31"]
[Round "1"]
[White "Yergeau, Simon"]
[Black "Fournier, Martin"]
[Result "1-0"]
[WhiteElo "1615"]
[BlackElo "1547"]
[EventDate "2017.03.31"]

1.d4 Nf6 2.c4 c5 3.d5 e6 4.Nc3 exd5 5.cxd5 d6 6.e4 g6 7.Bd3 Bg7 8.h3 O-O 
9.Nf3 b5 10.Bxb5 Nxe4 11.Nxe4 Qa5+ 12.Nfd2 Qxb5 13.Nxd6 Qa6 14.N2c4 Rd8 
15.Bf4 Rxd6 16.Nxd6 Bxb2 17.Nxc8 Qxc8 18.O-O Bxa1 19.Qxa1 Qf8 20.Rb1 Nd7 
21.Rb7 Nb6 22.d6 Nd5 23.Bg3 Qc8 24.Qb2 c4 25.d7 Qd8 26.Rb8 Rxb8 27.Qxb8 
1-0